000 00403nam a2200145Ia 4500
008 100204s9999 xx 000 0 und d
082 _b10825
100 _aलागू चिंतामणी
245 _aफरार
260 _b"मनोरमा प्रकाशन , मुंबई"
_c1988
300 _a198
630 _aफरार
730 _aफरार
942 _cBOOK
999 _c455261
_d455258